The Bhagavad Gita / (Record no. 39544)
[ view plain ]
| 000 -LEADER | |
|---|---|
| fixed length control field | 00777nam a22002297a 4500 |
| 005 - DATE AND TIME OF LATEST TRANSACTION | |
| control field | 20100805144659.0 |
| 010 ## - LCCN (DPL NO) | |
| LC control number | ENG-98418 |
| 020 ## - INTERNATIONAL STANDARD BOOK NUMBER | |
| Terms of availability | 100.00 |
| International Standard Book Number | 9788175053076 |
| 020 ## - INTERNATIONAL STANDARD BOOK NUMBER | |
| Terms of availability | 100.00 |
| International Standard Book Number | 8175053070 |
| 035 ## - SYSTEM CONTROL NUMBER | |
| System control number | EN-81951 |
| 037 ## - SOURCE OF ACQUISITION | |
| Source of stock number/acquisition | DBAD/PUB |
| 082 ## - DEWEY DECIMAL CLASSIFICATION NUMBER | |
| Classification number | 181.45 |
| 100 ## - MAIN ENTRY--PERSONAL NAME | |
| Personal name | Nikhilananda, Swami |
| 245 ## - TITLE STATEMENT | |
| Title | The Bhagavad Gita / |
| Statement of responsibility, etc | tranlated by Swami Nikhilananda |
| 260 ## - PUBLICATION, DISTRIBUTION, ETC. (IMPRINT) | |
| Place of publication, distribution, etc | Kolkata |
| Name of publisher, distributor, etc | Advaita Ashrama |
| Date of publication, distribution, etc | 2008 |
| 270 ## - ADDRESS | |
| Address | 5 Delhi Entally Road |
| City | Kolkata |
| Postal code | 700014 |
| 300 ## - PHYSICAL DESCRIPTION | |
| Extent | xvii, 386 p. |
| Other physical details | 22cm (Hb) |
| 500 ## - GENERAL NOTE | |
| General note | Includes index |
| 700 ## - ADDED ENTRY--PERSONAL NAME | |
| 9 (RLIN) | 6809 |
| Personal name | Nikhilananda, Swami |
| 942 ## - ADDED ENTRY ELEMENTS (KOHA) | |
| Source of classification or shelving scheme | Dewey Decimal Classification |
| Item type | English Books |
| Classification part | 181.45 |
| Call number suffix | NIK |
| Withdrawn status | Lost status | Not for loan | Collection code | Home library | Current library | Date acquired | Cost, normal purchase price | Full call number | Barcode | Copy number | Cost, replacement price | Koha item type |
|---|---|---|---|---|---|---|---|---|---|---|---|---|
| Not For Loan | Non-fiction | D.B.Act.Division | D.B.Act.Division | 05/08/2010 | 100.00 | 181.45 NIK | EN-81951 | 1 | 100.00 | English Books |
